| 000 | 00000nam 2200000za 4500 |
| 001 | 9.843608 |
| 003 | CaOODSP |
| 005 | 20221107152548 |
| 007 | cr ||||||||||| |
| 008 | 180110s2014 onc o f000 0 fre d |
| 020 | |a978-0-660-09665-0 |
| 040 | |aCaOODSP|bfre |
| 043 | |an-cn--- |
| 086 | 1 |aBT22-157/2014F-PDF |
| 110 | 1 |aCanada. |bConseil du trésor. |
| 245 | 10|aDirective sur le gouvernement ouvert |h[ressource électronique]. |
| 260 | |aOttawa : |bSecrétariat du Conseil du Trésor du Canada, |cc2014. |
| 300 | |a[6] p. (pages non numérotées) |
| 500 | |aPublié aussi en anglais sous le titre : Directive on open government. |
| 500 | |aTitre de la couv. |
| 500 | |a« Publié : le 09 oct. 2014 ». |
| 500 | |aÉgalement disponible en format HTML. |
| 504 | |aComprend des références bibliographiques de lien hypertexte. |
| 520 | 0 |a« Encourage des pratiques de gestion de l’information qui permettent la communication proactive et continue de l’information gouvernementale »--Fourni par l'éditeur. |
| 692 | 07|2gccst|aPolitique gouvernementale |
| 692 | 07|2gccst|aGouvernement ouvert |
| 692 | 07|2gccst|aInformation gouvernementale |
| 775 | 08|tDirective on open government |w(CaOODSP)9.843606 |
| 856 | 40|qPDF|s130 Ko|uhttps://publications.gc.ca/collections/collection_2018/sct-tbs/BT22-157-2014-fra.pdf |
| 856 | 4 |qHTML|sS.O.|uhttps://www.tbs-sct.gc.ca/pol/doc-fra.aspx?id=28108 |